|
|
|
|
| LEADER |
00795nam a22002171 4500 |
| 001 |
c000347078 |
| 003 |
CARM |
| 005 |
00000000000000.0 |
| 008 |
851003s1971 gw 0 ger d |
| 019 |
1 |
|
|a 3971281
|5 LACONCORD2021
|
| 035 |
|
|
|a (OCoLC)213784695
|5 LACONCORD2021
|
| 100 |
1 |
|
|a Martens, Gunter.
|
| 245 |
1 |
0 |
|a Texte und Varianten /
|c Probleme ihrer Edition und Interpretation. Hrsg. von G.Martens und H.Zeller.
|
| 260 |
|
|
|a Munchen :
|b Beck,
|c 1971.
|
| 650 |
|
0 |
|a Criticism, Textual.
|
| 650 |
|
0 |
|a Editing.
|
| 700 |
1 |
|
|a Zeller, Hans.
|
| 852 |
8 |
|
|b CARM
|h A1:AL25B0
|i B10249
|p 0460884
|f BK
|
| 082 |
0 |
4 |
|a 808.02
|
| 999 |
f |
f |
|i 53dfc0da-adb0-5182-b263-bcad0eaaa5e2
|s d191e60c-bd3a-53c0-98de-b2582e683db7
|
| 952 |
f |
f |
|p Can circulate
|a CAVAL
|b CAVAL
|c CAVAL
|d CARM 1 Store
|e B10249
|f A1:AL25B0
|h Other scheme
|i book
|m 0460884
|